000 00452nam a22001697a 4500
003 OSt
005 20260128014813.0
008 260128b |||||||| |||| 00| 0 eng d
020 _a978-0-446-56243-0
040 _aDWCL - Main lib
_cOC
082 _aFic. P317w 2009
100 _aPatterson, James
245 _aWitch and wizard /
_cJames Patterson
260 _aNew York :
_bVision,
_cc2009.
300 _a353 p. :
_c17 cm.
942 _2ddc
_cFIC.
_mFic.
_n0
999 _c7883
_d7883